Rural income: some evidence of effects of rural credit during last three decades (Record no. 64341)

000 -LEADER
fixed length control field 01340pab a2200169 454500
008 - FIXED-LENGTH DATA ELEMENTS--GENERAL INFORMATION
fixed length control field 180718b2003 xxu||||| |||| 00| 0 eng d
100 ## - MAIN ENTRY--PERSONAL NAME
Personal name Chakrabarty, Tapas Kumar
245 ## - TITLE STATEMENT
Title Rural income: some evidence of effects of rural credit during last three decades
260 ## - PUBLICATION, DISTRIBUTION, ETC.
Date of publication, distribution, etc. 2003
300 ## - PHYSICAL DESCRIPTION
Extent p.225-39.
362 ## - DATES OF PUBLICATION AND/OR SEQUENTIAL DESIGNATION
Dates of publication and/or sequential designation Winter
520 ## - SUMMARY, ETC.
Summary, etc. The growth of the rural economy is an important driver of the economy as a whole. Sectoral demand matrices substantiate the importance of the rural demand to boost other activities. The present study tries to have some idea about the dynamics of the rural income, primarily caused by the availability of funds. The debate on the cost of rural credit is avoided because the availability of funds as well as the cost of funds during the period of study (1971-72 to 1999-2000) might be conceived as target variables. simple models tested indicate evidence towards the supply leading approach to rural finance. However, it might be advocated that let the market be encouraged gradually to allocate the rural finance, banking upon the sound rural production base caused by broad activities and rural finance, significantly contributed by the institutional initiatives. - Reproduced.
650 ## - SUBJECT ADDED ENTRY--TOPICAL TERM
Topical term or geographic name entry element Rural economy
650 ## - SUBJECT ADDED ENTRY--TOPICAL TERM
Topical term or geographic name entry element Credit
773 ## - HOST ITEM ENTRY
Main entry heading Reserve Bank of India Occasional Papers
909 ## -
-- 64341
Holdings
Withdrawn status Lost status Damaged status Not for loan Permanent Location Current Location Date acquired Serial Enumeration / chronology Barcode Date last seen Price effective from Koha item type
        Indian Institute of Public Administration Indian Institute of Public Administration 2018-07-19 Volume no: 24, Issue no: 3 AR64793 2018-07-19 2018-07-19 Articles

Powered by Koha